| 000 | 00419cam a2200169ua 4500 | ||
|---|---|---|---|
| 020 | _c1.25 | ||
| 041 |
_amal _h |
||
| 082 |
_a894.8122 _bARA/OL |
||
| 100 | _aAravindhaksha menon, C . | ||
| 245 |
_aOlangal santhamakunnu / _cC Aravindhaksha menon. _hTextual Documents |
||
| 260 |
_aCalicut : _bK R Brothers , _c1964. |
||
| 300 | _a82 ; . | ||
| 365 | _a1.25 | ||
| 504 | _a | ||
| 942 | _cBK | ||
| 999 |
_c5209 _d5209 |
||